000 005360000a22001930004500
999 _c49181
_d49181
001 2031
003 CO-MdFUSB
005 20180817172804.0
008 180817b xxu||||| |||| 00| 0 eng d
020 _a958-42-1344-X
040 _cCO-MdBIC
082 0 4 _a868HC V65vm
100 1 _aGaneri Anita
245 1 0 _aLas momias y el antiguo egipto / Anita Ganeri ; Asesoría Anne Millard , traducción Margarita Valencia
260 _aBogotá : Editorial Planeta
300 _a24 P.
650 1 4 _aEnciclopedias de Historia
942 _cLGB